ბათუმის შოთა რუსთაველის სახელმწიფო უნივერსიტეტის ბიბლიოთეკა

Payroll accounting : (ბიბ.ჩანაწერი № 56878)

000 -LEADER
fixed length control field 01044nam a2200289 a 4500
001 - CONTROL NUMBER
control field 2113062
005 - DATE AND TIME OF LATEST TRANSACTION
control field 20190604201201.0
008 - FIXED-LENGTH DATA ELEMENTS--GENERAL INFORMATION
fixed length control field 960401s1995 ilua b 001 0 eng
010 ## - LIBRARY OF CONGRESS CONTROL NUMBER
LC control number 96132119
020 ## - INTERNATIONAL STANDARD BOOK NUMBER
International Standard Book Number 0256119031
040 ## - CATALOGING SOURCE
Original cataloging agency DLC
Transcribing agency DLC
050 00 - LIBRARY OF CONGRESS CALL NUMBER
Classification number HF5681.W3
Item number C37 1996
082 00 - DEWEY DECIMAL CLASSIFICATION NUMBER
Classification number 657/.74
Edition number 20
100 1# - MAIN ENTRY--PERSONAL NAME
Personal name Carse, Timothy F.
9 (RLIN) 2070
245 10 - TITLE STATEMENT
Title Payroll accounting :
Remainder of title a practical approach /
Statement of responsibility, etc. Timothy F. Carse, Jeffrey Slater.
250 ## - EDITION STATEMENT
Edition statement 1995-1996 ed.
260 ## - PUBLICATION, DISTRIBUTION, ETC.
Place of publication, distribution, etc. Chicago :
Name of publisher, distributor, etc. Irwin,
Date of publication, distribution, etc. c1996.
300 ## - PHYSICAL DESCRIPTION
Extent xv, 512 p. :
Other physical details ill. ;
Dimensions 31 cm.
504 ## - BIBLIOGRAPHY, ETC. NOTE
Bibliography, etc. note Includes bibliographical references and index.
650 #0 - SUBJECT ADDED ENTRY--TOPICAL TERM
Topical term or geographic name entry element Wages
General subdivision Accounting.
9 (RLIN) 2071
653 ## - INDEX TERM--UNCONTROLLED
keyword სახელფასო ბუღალტერია პრაქტიკული მიდგომა
653 ## - INDEX TERM--UNCONTROLLED
keyword ბუღალტერია
700 1# - ADDED ENTRY--PERSONAL NAME
Personal name Slater, Jeffrey,
Dates associated with a name 1947-
9 (RLIN) 2072
906 ## - LOCAL DATA ELEMENT F, LDF (RLIN)
a 7
b cbc
c orignew
d 2
e ncip
f 19
g y-gencatlg
942 ## - ADDED ENTRY ELEMENTS (KOHA)
Source of classification or shelving scheme
Koha item type წიგნი
ეგზემპლარები
Withdrawn status Lost status Source of classification or shelving scheme Damaged status Not for loan Permanent Location Current Location Shelving location Date acquired Cost, normal purchase price Full call number Barcode Date last seen Copy number Price effective from Koha item type Public note
          ბათუმის შოთა რუსთაველის სახელმწიფო უნივერსიტეტის მთავარი ბიბლიოთეკა ბათუმის შოთა რუსთაველის სახელმწიფო უნივერსიტეტის მთავარი ბიბლიოთეკა წიგნსაცავი 2019-06-04 50.00 336.02 P-35 10423 2019-06-04 10423 2019-06-04 წიგნი 50 gel.